[Event "COL-ch sf"]
[Site "Pereira"]
[Date "2024.03.26"]
[Round "1"]
[White "Ayala Delgado, Sergio Alejandro"]
[Black "Zuluaga, Nicolas"]
[Result "1-0"]
[WhiteElo "2089"]
[BlackElo "1765"]
[PlyCount "61"]
[EventDate "2024.03.26"]
[EventType "swiss"]
[EventRounds "11"]
[EventCountry "COL"]
[SourceTitle "CB14_2024"]
[SourceDate "2024.04.01"]
[SourceVersion "1"]
[SourceVersionDate "2024.04.01"]
[SourceQuality "1"]

1. e4 d5 2. exd5 Nf6 3. Bb5+ Bd7 4. Be2 Nxd5 5. d4 e6 6. Nf3 c5 7. c4 Nb6 8. d5 Bd6 9. Bg5 f6 10. Be3 Na6 11. Nc3 Nc7 12. Ne4 Qe7 13. dxe6 Nxe6 14. Nxd6+ Kf8 15. Nf5 Qe8 16. Qd6+ Kf7 17. 0-0-0 Rd8 18. Qd3 Nc8 19. Qa3 Bc6 20. Rxd8 Qxd8 21. Rd1 Qc7 22. Ne1 b6 23. Bf3 Bxf3 24. Nxf3 Nf4 25. Nd6+ Nxd6 26. Bxf4 Rd8 27. Qd3 Ke6 28. Qd5+ Ke7 29. Nh4 g6 30. Re1+ Kf8 31. Bh6+ 1-0

[Event "Pereira GP op 2nd"]
[Site "Pereira"]
[Date "2023.10.22"]
[Round "4"]
[White "Zuluaga, Nicolas"]
[Black "Granada, Ferney de Jesus"]
[Result "1-0"]
[WhiteElo "1616"]
[BlackElo "1234"]
[PlyCount "87"]
[EventDate "2023.10.21"]
[EventType "swiss"]
[EventRounds "6"]
[EventCountry "COL"]
[SourceTitle "Mega2024 Update 01"]
[Source "Chessbase"]
[SourceDate "2023.11.12"]
[SourceVersion "1"]
[SourceVersionDate "2023.11.12"]
[SourceQuality "1"]

1. d4 d5 2. Nf3 Nf6 3. c4 c6 4. Nc3 e6 5. Qc2 Be7 6. e4 dxe4 7. Nxe4 h6 8. Bd3 Nbd7 9. Bd2 b6 10. 0-0 Qc7 11. b4 a6 12. a4 0-0 13. a5 Bb7 14. axb6 Qxb6 15. c5 Qc7 16. Ra4 Rfd8 17. Rfa1 Nb8 18. Be3 Nd5 19. Ne5 f5 20. Nc3 Nxe3 21. fxe3 Bf6 22. Nc4 Qf7 23. Nd6 Qd7 24. Qe2 Be7 25. Nc4 Qe8 26. Nb6 Ra7 27. Qa2 Bg5 28. Nc4 Qf7 29. Ne5 Bxe3+ 30. Kh1 Qf6 31. Rf1 Kh8 32. Bxf5 Rf8 33. Ne4 Qd8 34. Ng6+ Kh7 35. Nxf8+ Kh8 36. Ng6+ Kh7 37. Qxe6 Bc8 38. Nf8+ Kh8 39. Ng6+ Kh7 40. Ne7+ Kh8 41. Nxc8 Rc7 42. Qg6 Kg8 43. Qh7+ Kf8 44. Be6+ 1-0

[Event "Pereira Fiestas de la Cosecha op"]
[Site "Pereira"]
[Date "2023.08.25"]
[Round "2"]
[White "Zuluaga, Nicolas"]
[Black "Nieto Medina, Agustin"]
[Result "0-1"]
[WhiteElo "1626"]
[BlackElo "2119"]
[PlyCount "70"]
[EventDate "2023.08.24"]
[EventType "swiss"]
[EventRounds "7"]
[EventCountry "COL"]
[SourceTitle "EXT 2024"]
[Source "ChessBase"]
[SourceDate "2023.10.10"]
[SourceVersion "1"]
[SourceVersionDate "2023.10.10"]
[SourceQuality "1"]

1. d4 Nf6 2. Nf3 g6 3. g3 Bg7 4. Bg2 0-0 5. 0-0 d6 6. Bf4 Nbd7 7. Qd2 Re8 8. Nc3 c6 9. e4 Nh5 10. Bg5 Qa5 11. Ne2 Qc7 12. c3 e5 13. d5 Nc5 14. Ne1 cxd5 15. Qxd5 Nf6 16. Bxf6 Bxf6 17. Rd1 Be7 18. Qd2 Be6 19. b3 f5 20. exf5 gxf5 21. Nd3 Nxd3 22. Qxd3 e4 23. Qe3 d5 24. Nd4 Bd7 25. Rc1 Qe5 26. Rfd1 Rad8 27. c4 Qg7 28. h4 dxc4 29. Rxc4 Bd6 30. Ne2 Bb5 31. Rcc1 Bxe2 32. Qxe2 f4 33. Bxe4 fxg3 34. Rxd6 gxf2+ 35. Kxf2 Qf8+ 0-1

[Event "Manizales op 27th"]
[Site "Manizales"]
[Date "2022.01.09"]
[Round "7"]
[White "Villamizar, Diego Fernando"]
[Black "Zuluaga, Nicolas"]
[Result "1-0"]
[WhiteElo "1958"]
[BlackElo "1673"]
[PlyCount "67"]
[EventDate "2022.01.06"]
[EventType "swiss"]
[EventRounds "8"]
[EventCountry "COL"]
[SourceTitle "CBM 206 Extra"]
[Source "ChessBase"]
[SourceDate "2022.03.31"]
[SourceVersion "1"]
[SourceVersionDate "2022.03.31"]
[SourceQuality "1"]

1. e4 e5 2. f4 Bc5 3. Nf3 d6 4. Bc4 h6 5. c3 Nc6 6. b4 Bb6 7. a4 a6 8. a5 Ba7 9. f5 Nf6 10. Qe2 Bd7 11. d3 Qe7 12. Nbd2 g6 13. fxg6 fxg6 14. Nf1 g5 15. h3 Be6 16. Ng3 Bxc4 17. dxc4 0-0-0 18. Be3 Bxe3 19. Qxe3 Qe6 20. Nd2 Nd7 21. 0-0-0 Rdf8 22. Nf5 Ne7 23. g4 Ng6 24. Qa7 Nf4 25. Kc2 Nb8 26. Kb3 Qd7 27. Nf1 Qc6 28. Ne7+ Kd7 29. Nxc6 bxc6 30. Ne3 Rh7 31. Nf5 Ke6 32. Nxd6 Nd7 33. Nf5 Rb8 34. Rxd7 1-0

[Event "COL Subzt 2.3.4"]
[Site "Risarald"]
[Date "2021.11.28"]
[Round "9"]
[White "Bejarano Lopez, Andres Felipe"]
[Black "Zuluaga, Nicolas"]
[Result "1/2-1/2"]
[WhiteElo "1479"]
[BlackElo "1722"]
[PlyCount "44"]
[EventDate "2021.11.23"]
[EventType "swiss"]
[EventRounds "9"]
[EventCountry "COL"]
[SourceTitle "CBM 205 Extra"]
[Source "ChessBase"]
[SourceDate "2022.01.31"]
[SourceVersion "1"]
[SourceVersionDate "2022.01.31"]
[SourceQuality "1"]

1. e4 c5 2. Nf3 Nc6 3. Bb5 Nf6 4. Qe2 Qc7 5. h3 a6 6. Bxc6 Qxc6 7. d3 c4 8. 0-0 cxd3 9. cxd3 e6 10. Be3 Qb5 11. Nc3 Qa5 12. a3 Be7 13. Nd2 0-0 14. Nc4 Qh5 15. Qd2 b5 16. Nb6 Rb8 17. Nxc8 Rfxc8 18. Ne2 Bc5 19. Bg5 h6 20. Bf4 Ra8 21. Bg3 Qg6 22. Rac1 Bb6 1/2-1/2

[Event "Manizales Las Americas op-B"]
[Site "Manizales"]
[Date "2021.10.14"]
[Round "1"]
[White "Lopez Ramirez, Jorge Hernan"]
[Black "Zuluaga, Nicolas"]
[Result "1-0"]
[WhiteElo "1903"]
[BlackElo "1713"]
[PlyCount "89"]
[EventDate "2021.10.14"]
[EventType "swiss"]
[EventRounds "9"]
[EventCountry "COL"]
[SourceTitle "EXT 2023"]
[Source "ChessBase"]
[SourceDate "2022.10.05"]
[SourceVersion "1"]
[SourceVersionDate "2022.10.05"]
[SourceQuality "1"]

1. e4 Nf6 2. e5 Nd5 3. Nc3 e6 4. Nxd5 exd5 5. d4 d6 6. Nf3 dxe5 7. Nxe5 Nd7 8. Bd3 Nxe5 9. dxe5 Bc5 10. 0-0 c6 11. c3 Be6 12. Bf4 Qe7 13. a4 a6 14. b4 Ba7 15. b5 axb5 16. axb5 0-0 17. Qb1 cxb5 18. Bxh7+ Kh8 19. Bd3 d4 20. Qd1 Qh4 21. Bg3 Qg4 22. Be2 Qg5 23. cxd4 Bc4 24. Bxc4 bxc4 25. d5 Bc5 26. Rb1 b6 27. Kh1 Rfe8 28. Qe2 Qd8 29. Rfd1 Rc8 30. f4 Qd7 31. Qxc4 Bf2 32. Qd3 Bxg3 33. Qxg3 Rb8 34. f5 Qxf5 35. d6 Qxe5 36. d7 Qa5 37. dxe8Q+ Rxe8 38. Qh4+ Kg8 39. Rd8 Rxd8 40. Qxd8+ Kh7 41. Qh4+ Kg8 42. Rd1 f6 43. Rd8+ Kf7 44. Qc4+ Kg6 45. h3 1-0

[Event "COL-ch sf"]
[Site "Santa Rosa"]
[Date "2021.08.16"]
[Round "11"]
[White "Garces Trujillo, Luis Javier"]
[Black "Zuluaga, Nicolas"]
[Result "1-0"]
[WhiteElo "1898"]
[BlackElo "1717"]
[PlyCount "45"]
[EventDate "2021.08.11"]
[EventType "swiss"]
[EventRounds "11"]
[EventCountry "COL"]
[SourceTitle "CBM 204 Extra"]
[Source "ChessBase"]
[SourceDate "2021.11.30"]
[SourceVersion "1"]
[SourceVersionDate "2021.11.30"]
[SourceQuality "1"]

1. d4 Nf6 2. c4 e5 3. dxe5 Ng4 4. Bf4 Bc5 5. e3 Bb4+ 6. Nc3 Nc6 7. Qxg4 g6 8. Nf3 d6 9. Qg5 dxe5 10. Qxd8+ Kxd8 11. Nxe5 Nxe5 12. Bxe5 Re8 13. 0-0-0+ Bd7 14. Bf6+ Kc8 15. Be2 h5 16. a3 Re6 17. Nd5 Bf8 18. Bh4 Bc6 19. Nb6+ cxb6 20. Rd8+ Kc7 21. Rxa8 Bxg2 22. Rg1 Be4 23. Rxf8 1-0

[Event "Pereira Pelaez Memorial"]
[Site "Pereira"]
[Date "2021.06.06"]
[Round "5"]
[White "Rodriguez Valencia, Sebastian"]
[Black "Zuluaga, Nicolas"]
[Result "1-0"]
[WhiteElo "1821"]
[BlackElo "1740"]
[PlyCount "143"]
[EventDate "2021.06.04"]
[EventType "swiss"]
[EventRounds "7"]
[EventCountry "COL"]
[SourceTitle "CBM 202 Extra"]
[Source "ChessBase"]
[SourceDate "2021.07.31"]
[SourceVersion "1"]
[SourceVersionDate "2021.07.31"]
[SourceQuality "1"]

1. d4 Nf6 2. c4 e5 3. e3 exd4 4. exd4 d5 5. Nf3 Bb4+ 6. Bd2 Qe7+ 7. Be2 0-0 8. 0-0 dxc4 9. Bxc4 Bg4 10. Re1 Qd6 11. Qb3 Nc6 12. Bxb4 Qxb4 13. Nbd2 Rad8 14. Qxb4 Nxb4 15. Rac1 c6 16. h3 Bf5 17. Re7 Rd7 18. Rce1 Nbd5 19. R7e5 Bg6 20. Nb3 Nb6 21. Bf1 Nfd5 22. Nc5 Rc7 23. Re8 Nd7 24. a3 N7f6 25. Rxf8+ Kxf8 26. Ne5 Nb6 27. b4 Nbd7 28. Nc4 b6 29. Nb3 Bc2 30. Nbd2 Rc8 31. g4 Ba4 32. Nd6 Rd8 33. g5 Nd5 34. N2e4 Bc2 35. f3 Nf4 36. Rc1 Bxe4 37. fxe4 Nb8 38. e5 Ne6 39. Bc4 Nxg5 40. Kg2 Ke7 41. h4 Ne6 42. Rf1 f6 43. Nf5+ Kf7 44. exf6 gxf6 45. Re1 Rd5 46. Bxd5 cxd5 47. Kf3 Nc6 48. Ke3 Kg6 49. Rc1 Ned8 50. b5 Ne5 51. dxe5 Kxf5 52. exf6 Kxf6 53. Kd4 Ke6 54. Rc7 Kd6 55. Rxh7 Ne6+ 56. Ke3 Kc5 57. Re7 Nf8 58. h5 Kxb5 59. Rxa7 Kc4 60. Rc7+ Kb3 61. h6 Kxa3 62. h7 Nxh7 63. Rxh7 b5 64. Kd4 b4 65. Ra7+ Kb2 66. Kd3 b3 67. Kd2 Kb1 68. Rd7 b2 69. Rxd5 Ka2 70. Ra5+ Kb3 71. Rb5+ Ka2 72. Kc2 1-0

[Event "Pereira op-B"]
[Site "Pereira"]
[Date "2021.02.26"]
[Round "2"]
[White "Hernandez Pinzon, Helvert"]
[Black "Zuluaga, Nicolas"]
[Result "1-0"]
[WhiteElo "1901"]
[BlackElo "1752"]
[PlyCount "97"]
[EventDate "2021.02.25"]
[EventType "swiss"]
[EventRounds "7"]
[EventCountry "COL"]
[SourceTitle "EXT 2022"]
[Source "ChessBase"]
[SourceDate "2021.10.06"]
[SourceVersion "1"]
[SourceVersionDate "2021.10.06"]
[SourceQuality "1"]

1. e4 d5 2. exd5 Qxd5 3. Nc3 Qa5 4. d4 c6 5. Bc4 Nf6 6. h3 Bf5 7. Nf3 Nbd7 8. Bd2 Qc7 9. Bb3 e6 10. Qe2 Be7 11. 0-0-0 Nb6 12. g4 Bg6 13. Ne5 Bb4 14. Bf4 Qe7 15. Nxg6 hxg6 16. Ne4 Nxe4 17. Qxe4 Bd6 18. Be5 Rh7 19. c4 Nd7 20. Bxd6 Qxd6 21. f4 Nf6 22. Qe5 0-0-0 23. Kc2 Qc7 24. Qe3 Qa5 25. Qf3 Qb6 26. Kc3 a5 27. a3 Rd7 28. f5 gxf5 29. gxf5 exf5 30. Qxf5 Rh5 31. Qf4 Qc7 32. Rdf1 Re7 33. Qxc7+ Kxc7 34. Kd3 Ne4 35. Rf3 Ng5 36. Rg3 f6 37. Bd1 Rh8 38. Bg4 Rd8 39. Bf5 Rh8 40. Rf1 Kd6 41. Rf4 Rg8 42. h4 Ne6 43. c5+ Kc7 44. Re4 Kd7 45. Rge3 Rge8 46. h5 b6 47. cxb6 Kd6 48. Rxe6+ Rxe6 49. Rxe6+ 1-0